| 000 | 00568nam a2200181 a 4500 | ||
|---|---|---|---|
| 001 | ASINB002UCXVUM | ||
| 005 | 20170105102924.0 | ||
| 008 | 131210s1998 xxu eng d | ||
| 040 | _a0 | ||
| 100 | 1 | _a(Author), Samuel P. Huntington. | |
| 245 | 1 | 4 |
_aThe clash of civilizations and the remaking of world order / _cSamuel P. Huntington (Author) |
| 260 | _bPenguin Books | ||
| 300 |
_a367p; _c18 cm. |
||
| 490 | 1 | _aPaperback. | |
| 830 | 0 | _aPaperback. | |
| 856 | 4 | 0 |
_3Amazon.com _uhttp://www.amazon.com/exec/obidos/ASIN/B002UCXVUM/chopaconline-20 |
| 942 |
_2ddc _cBK |
||
| 999 |
_c15736 _d15736 |
||